La crónica entre la literatura y la historia : "Colón, su mundo y el nuevo" /
Guardat en:
| Autor principal: | |
|---|---|
| Format: | Desconegut |
| Idioma: | Spanish |
| Matèries: | |
| Etiquetes: |
Afegir etiqueta
Sense etiquetes, Sigues el primer a etiquetar aquest registre!
|
MARC
| LEADER | 000000000a22000000004500 | ||
|---|---|---|---|
| 001 | 007765 | ||
| 041 | 0 | |a spa | |
| 100 | 1 | |a Peña V., Vilma | |
| 245 | 1 | 3 | |a La crónica entre la literatura y la historia : |b "Colón, su mundo y el nuevo" / |c Vilma Peña V. |
| 310 | |a Semestral | ||
| 650 | 4 | |a REALISMO MAGICO | |
| 650 | 4 | |a IDENTIDAD EN LA LITERATURA | |
| 650 | 4 | |a AMERICA | |
| 650 | 4 | |a CONQUISTA Y COLONIZACION | |
| 650 | 4 | |a AMERICA | |
| 650 | 4 | |a DESCUBRIMIENTO Y CONQUISTA | |
| 773 | 0 | |d San José, Costa Rica : Editorial de la Universidad de Costa Rica |t Herencia |g volumen 3, número 1/2 (1991), páginas 90-94 | |
| 942 | |c ARC | ||
| 999 | |c 14639 |d 14639 | ||
